[Event "2021 Norman Friedman Memorial"]
[Site "Garden City, ID"]
[Date "2021.10.10"]
[Round "4"]
[White "Jablonski, Chase"]
[Black "Roland, Jeffrey T"]
[Result "1/2-1/2"]
[WhiteElo "1213"]
[BlackElo "1700"]
[Annotator "Chase Jablonski and Jeff Roland (--JR)"]
[PlyCount "118"]
[EventDate "2021.10.08"]
[EventType "swiss"]
[EventRounds "5"]
[EventCountry "USA"]

{[%evp 0,118,28,19,19,22,22,-17,39,55,101,88,90,53,64,64,69,69,48,65,65,60,116,
78,117,139,142,60,89,35,6,6,-20,-14,4,-25,-13,-58,-21,-42,-42,-71,-65,-73,-58,
-67,-48,-93,-93,-98,-41,-5,0,-79,-77,-97,-83,-79,-78,-76,-61,-52,-51,-57,3,-13,
-17,0,-15,-8,-9,26,-33,-15,-10,-14,165,91,10,-76,-145,-143,-4,-100,-65,-54,-51,
-55,-59,-61,-27,-33,-23,-20,-31,-44,-24,-43,-42,-65,-35,-46,-28,-31,-29,-23,
-14,-23,-25,-25,-19,-37,-12,-10,-19,-19,-19,-19,-20,-17,-19] G90+30d 1213 v
1700. Opponent made some mistakes early and I felt like I should have been
able to press an advantage. Opponent played well and I could not find
improving moves. I ended up weakening my position which gave black the
opportunity to develop initiative. He missed some opportunities to gain a
decisive advantage so I managed to defend. Eventually we ran into time
constraints and drew. I missed one opportunity to win a piece in time pressure.
} 1. e4 e5 2. Nf3 Nc6 3. c3 f6 $2 {In post-mortem, opponent told me this was
Karpov's recommended reply to the Ponziani. This does not appear to be the
case. In the moment I thought my opponent just wanted to take me out of
preparation. Stockfish gives +1.7 here.  Well, I was trying to remember a game
I had only seen 30 years earlier. My memory was faulty. Karpov of course did
play ...d5 first, and then ...f6. I've had this position in tournaments before
and played 3...d5 and 4...f6 and had no trouble. I can't explain why I forgot
this, but White's 4.Bc4 completely refutes the mistake. I'll never forget this
now!--JR} (3... d5) 4. Bc4 $1 {Intending to take advantage of the weakened
light squares. Opponent was clearly distressed by this move but it seemed the
most natural progression to me.} Nh6 $6 {I didn't expect this move. Opponent
was fighting against Qb3, which was part of my plan. I don't really buy that
it's a reasonable move here but that knight did prove to be very helpful in
his defense later. Nge7 or the immediate Na5 were probably better options.} 5.
d4 Na5 {Two knights on the rim? Stockfish gives +2.2 here.  Yeah, I agree.
Looks pretty bad for Black here!--JR} 6. Nbd2 $2 $14 {After playing this move
I walked around. As soon as I returned to the board I understood it was a
mistake. In the moment I was concerned with concrete calculation but after I
took another look at the position I realized giving up the light squared
bishop here was a clear positional mistake. Black had weakened his light
squares and I offered my LS bishop up for a mediocre knight outpost. Bd3 was
clearly better.} (6. Bd3 $16) 6... Nxc4 7. Nxc4 d5 8. exd5 Qxd5 9. Ne3 {
Time here was White 1:19, Black 1:20. Black took 24 minutes to make his next
move (0:56). I did not understand why. It was a difficult decision where to
put his queen but I was concerned I missed a tactical sequence he was
calculating. I never found it and confirmed after the game that my opponent
had not either.  Yeah, after the game, Chase asked me why I took so long. The
simple and truthful answer was that I didn't know what to do! I kept looking,
and the more I looked the more I realized the problems in my position.--JR} Qd6
{This looks fine. I have no further immediate attacks on the queen. Stockfish
prefers Qe6, which does take better advantage of my weakened light squares.}
10. O-O {I felt clearly ahead in development with a reasonable pawn structure
and felt that with solid play I could likely get a win or draw here.} e4 {
I had not calculated this pawn move, which concerned me at the time. Once
again regretting the loss of my LS bishop I recognized I would have to play a
closed knight game to pursue an advantage.} 11. Re1 $1 {I took advantage of a
tactical sequence to gain a tempo and move my rook to the half-open file.} Be7
(11... exf3 $4 12. Nf5+ Kf7 13. Nxd6+) 12. Nd2 f5 13. Ndc4 {Trying to get my
knight to a more active square. After the excessive time my opponent took to
find his queen's position I felt that this would cause him additional
frustration and time. Stockfish doesn't love this move but I felt it was
appropriate. Opponent took eight minutes to address this move. Time: White 1:
02, Black 41 I'm not sure why Stockfish wouldn't like this.  If White's knight
ever gets to e5, it seemed to me it would be a powerful piece, right in my
face! I had hopes of castling queen-side too. I figured doing that, with a
majority of pawns on the king-side, I could drum up a nice k-side attack, but
after this move, where's a good place to put the queen and facilitate that
plan?--JR} (13. Qh5+ Qg6 14. Qxg6+ hxg6 15. f3) 13... Qd8 {Yeah, I hated to go
here, but I had to completely change plans here. In hindsight, maybe it's best
that I didn't get to castle queen-side after all.--JR} 14. Qh5+ {I wanted to
prevent Black from castling. I thought this would force ...Kf8 but missed a
tactical defense that saves Black.} Nf7 $1 {A clever defense. I missed this
initally. After 15. Nxf5 g6 forks.  My favorite move so far in the game. If 15.
Ne5, I can castle!--JR} (14... g6 15. Qxh6 {loses the knight.}) (14... Kd7 15.
Ne5+ Ke6 16. Nxf5 {and Black can resign.}) (14... Kf8 15. f3 exf3 16. Qxf3 {
and white is clearly winning.}) 15. Qe2 (15. Nxf5 g6 16. Ng7+ {I tried hard to
find a way to make this line work. Spent approximately ten minutes here but
could not find anything. Stockfish agrees there's nothing here.}) 15... O-O 16.
b3 {I struggled to find a move here. I felt b3 opened opportunities for my
dark-squared bishop and cemented the knight on c4.} c6 17. a4 {Gaining space
on the queenside while discouraging b5, which would leave White with a better
center.} Be6 18. Bb2 $4 {At this point in the game I was really struggling to
find moves. What I missed here is that 18...f4! gives Black a clear initiative
that he could use to win the game.  Wow, at the time during the game, I didn't
know I was even doing okay. Psychologically speaking, I was just trying to
finally get developed and didn't see 18...f4 as a viable move! But I agree, I
should have played that! I'm clearly a bit rusty in this game. I need to play
more chess!--JR} Qc7 $6 (18... f4 $1 19. Nd1 f3 20. Qc2 fxg2 21. Bc1 Bd5 {
and white is completely passive. -4.5.}) 19. Rad1 Rad8 20. Kh1 $2 {I hated
this move when I played it. I spent 11 minutes here and could not find a move
that did not weaken my position. The clock was ticking. I was concerned I was
lost here. Stockfish concurs, -3.8. Time: White 28, Black 21.  I was
completely baffled by this move and didn't understand it at all. All other
moves of the game made sense to me, but this, I could figure out what I must
be missing! I didn't have analysis to let me know I was up 3.8, but was just
trying to figure out what White was thinking. So finally after a long time of
thought, I played 20...b6 because I needed another clue what White was doing.
I didn't get it. White's next move did not shed light as to why the King
needed to go to h1 either.--JR} (20. Nf1 Rfe8 21. Ng3 {was a better
continuation. I looked at this but wanted to continue applying pressure to f5
from e3. This was clearly a better position in which to do that.}) 20... b6 21.
Nc2 Bf6 22. f3 Bd5 23. fxe4 $5 {I knew this was dubious but was trying to find
some play anywhere on the board. Even though he had a rook on the f-file I
thought I might get some counterplay there. (-2.3)} (23. Nb4 Rfe8 24. Nxd5 cxd5
25. Ne3 f4 {Better per Stockfish but this line did not look good for me.
There's a very computerish knight sacrifice that saves the game here but there
is zero chance any human I know could find it.}) 23... Bxe4 24. N2e3 Ng5 (24...
Bh4 25. Rf1 Rfe8 {maintains an advantage for Black.}) 25. Nd2 {Trying to trade
the knight for LS bishop. Stockfish confirms that would be a good trade.} Rfe8
{Time: White 18, Black 15. (-0.8 here)} 26. Qf2 (26. Qc4+ Qf7 27. Qxf7+ Kxf7
28. h4 {Equalish.}) (26. Nxe4 Nxe4 27. Qc4+ {was a better choice. I was
concerned about the queen on the e-file and the knight outpost. I didn't think
his bishop could escape.}) 26... Nh3 $1 {Saw this but underestimated it. Black
starts to get initiative against White's queen, repositioning his pieces with
tempo toward Black's king.} 27. Qf1 Bd3 28. Qf3 Ng5 29. Qf2 Ne4 {Time: White
13:50, Black 7:30.} 30. Nxe4 fxe4 31. Ng4 Be7 32. Ne5 Rf8 33. Qe3 Bc2 34. Rc1
Bxb3 35. c4 Bxa4 36. Qxe4 Bd6 37. c5 $5 {I considered Ra1 here, which was
probably better. I spotted a tricky line to pin the rook and opted for it
instead because of time pressure. It turned out to be a reasonable choice as
black used all his time. I thought black retained a slight advantage here
since he was up a pawn. Stockfish gives +0.6. Time was approximately White 6m,
Black 7m.} Be7 $2 38. cxb6 $10 (38. d5 $1 {wins a piece.  Yes, wow, I didn't
see that!--JR}) 38... Qxb6 39. d5 Qxb2 40. Qxa4 Rxd5 41. Qc4 {This was the
intermediate move I calculated after 37. c5. I wasn't sure there was anything
concrete here but knew this would be difficult for my opponent to handle in
time pressure. The bishop was in trouble and there was significant fork
potential. My opponent played it well but used all his time to do it.} Qb5 42.
Nxc6 {Stockfish says a clear draw from here.  That is good to know!
Over-the-board, however, I couldn't tell, and didn't have a lot of time to
know. White was very relaxed and peaceful the whole game...--JR} Bg5 43. Nxa7
Qxc4 44. Rxc4 Ra8 45. Nc6 Kf7 46. Rf1+ Bf6 47. Kg1 Ke8 48. Re1+ Kd7 49. Nb4
Bd4+ 50. Kf1 Rf8+ 51. Ke2 Re5+ 52. Kd1 Bb2 53. Rc2 Rxe1+ 54. Kxe1 Ba3 55. Nd5
Bd6 56. h3 Bg3+ 57. Kd1 Rf1+ 58. Kd2 Rf2+ 59. Kd3 Rxc2 {Black offered a draw
and White agreed. White's time was approximately 3:30 and Black was playing on
increment.  I found the game with all its flaws just what I needed. I enjoyed
the game a lot, and I learned a lot too. It was intense (for me) and I didn't
lose! Also, I made a new friend. I always feel in chess, the opponent is not
the enemy, the position is the struggle. It's a challenge, it's a game, and
it's fun!--JR} 1/2-1/2

[Event "2021 Norman Friedman Memorial"]
[Site "Garden City, ID"]
[Date "2021.10.08"]
[Round "1"]
[White "Wei, James"]
[Black "McKenzie, Niall"]
[Result "1-0"]
[WhiteElo "1847"]
[BlackElo "1326"]
[Annotator "Ralph Dubisch"]
[PlyCount "47"]
[EventDate "2021.10.08"]
[EventType "swiss"]
[EventRounds "5"]
[EventCountry "USA"]

1. e4 c5 2. Nf3 Nc6 3. d4 cxd4 4. Nxd4 g6 5. Nc3 Bg7 6. Be3 Nf6 7. Bc4 O-O 8.
Bb3 d6 9. f3 Bd7 10. Qd2 a6 (10... Nxd4 11. Bxd4 b5 {is the most popular
theoretical line here.}) 11. h4 h5 12. O-O-O Ne5 13. g4 $1 {White builds a
strong attack by plowing forward, regardless of the cost in pawns.} hxg4 14. h5
$1 Nxh5 15. Bh6 (15. f4 $5 Nc6 (15... Nf3 16. Nxf3 gxf3 17. f5 $19) 16. Nxc6
bxc6 17. f5 $16) 15... e6 (15... Kh7 16. Bxg7 Kxg7 17. fxg4 $16) 16. Bxg7 (16.
Rdg1 {may offer better chances. It's usually good to keep the tension (in this
case between bishops on h6 and g7) rather than unclutter the defensive zone (i.
e., giving a black rook access to h8). Take on g7 when it's either forced or
strong.} Qf6 17. Bxg7 Qxg7 (17... Kxg7 $2 18. fxg4 Nf4 19. g5 $18) 18. f4 $16)
16... Kxg7 17. fxg4 (17. f4 Nc6 $15) 17... Nxg4 18. Rdg1 Ngf6 (18... Nhf6 $1
19. Qg5 Rh8 20. Rxh8 Qxh8 21. Rxg4 Nxg4 22. Qxg4 Qh6+ 23. Kd1 Qe3 {, when
Black has repelled the boarders and keeps the booty.}) 19. Qg5 Kh7 $4 (19...
Qb6 $1 20. e5 (20. Nxe6+ Bxe6 21. Bxe6 Qf2 22. Bxf7 (22. Kb1 $5 Rh8 23. e5 (23.
Bxf7 Kxf7 24. Qxg6+ Ke6 $1 $17) 23... dxe5 24. Bxf7 Kxf7 25. Qxg6+ Ke7 (25...
Ke6 26. Ne4 Qe3 27. Re1 Qxe4 $1 28. Rxe4 Rag8 29. Rxe5+ Kxe5 30. Re1+ Kd6 {
likely winds down to a draw.}) 26. Ne4 Qf4 27. Nxf6 Qxf6 28. Qe4 {The exposed
black king makes the extra piece fairly irrelevant. Stockfish sees perpetual
check on the horizon.} Nf4 29. Qxb7+ Ke6 30. Rxh8 Rxh8 31. Qxa6+ Kf5 32. Qb7)
22... Qf4+ 23. Qxf4 Nxf4 24. Bb3) (20. Nf3 Qf2 $13) (20. Nf5+ exf5 21. Bxf7
Kxf7 {offers complications favoring Black:} 22. Qxg6+ Ke7 23. Rxh5 Qe3+ 24. Kb1
Be8 25. Qg7+ Rf7 26. Qg2 Bc6 27. Rxf5 Rg8 $19) 20... Qxd4 21. exf6+ Qxf6 22.
Qxh5 ({or} 22. Rxh5 Qxg5+ 23. Rhxg5 $13) 22... Rh8 $13 {, with three solid
pawns for the piece.}) 20. e5 $1 (20. Nf5 $3 exf5 21. Bxf7 $1 $18) 20... dxe5
21. Ne4 (21. Nf5 $1) 21... Ng4 $2 (21... Nxe4 22. Rxh5+ Kg7 23. Qxe5+ Qf6 24.
Qxe4 {, and with only two pawns for a piece and less activity, Black is
probably lost.}) 22. Rxh5+ (22. Qxg4 {also cruises to imminent checkmate.})
22... gxh5 23. Qxh5+ Nh6 24. Rh1 1-0

[Event "2021 Norman Friedman Memorial"]
[Site "Garden City, ID"]
[Date "2021.10.09"]
[Round "2"]
[White "Anthony, Ralph"]
[Black "Wei, James"]
[Result "0-1"]
[WhiteElo "1673"]
[BlackElo "1847"]
[Annotator "Ralph Dubisch"]
[PlyCount "92"]
[EventDate "2021.10.08"]
[EventType "swiss"]
[EventRounds "5"]
[EventCountry "USA"]

{[%evp 0,92,32,32,44,44,86,69,74,58,47,22,25,22,22,22,27,23,23,32,33,49,46,44,
73,70,66,47,50,50,52,50,42,42,42,44,45,27,30,19,19,16,16,0,6,7,6,16,12,12,39,
46,50,44,43,26,18,19,19,25,37,0,-17,-53,-68,-68,-74,-200,-212,-240,-251,-288,
-311,-319,-280,-310,-205,-248,-270,-1136,-430,-471,-1229,-1289,-1289,-1292,
-1392,-1564,-1572,-1527,-1299,-1299,-1372,-1566,-1739]} 1. e4 c5 2. Nf3 g6 3.
d4 cxd4 4. Nxd4 Bg7 5. c4 Nf6 6. Nc3 d6 7. f3 (7. Be2) 7... Nc6 8. Be3 O-O 9.
Be2 Bd7 10. O-O Nxd4 11. Bxd4 a5 12. Qd2 Bc6 13. Nd5 (13. b3 Nd7 14. Be3 Nc5
15. Rab1 Qb6 16. Rfc1 Rfc8 $14 {and we're still in a main line of the
Accelerated Dragon (Maroczy Bind) that has been seen hundreds (at least) of
times.}) 13... Bxd5 14. cxd5 Nd7 15. Bb5 Bxd4+ 16. Qxd4 Qb6 17. Qxb6 Nxb6 18.
a4 (18. Rfc1) 18... Rac8 19. Rac1 f5 20. b3 fxe4 21. Rxc8 Rxc8 22. fxe4 Rc3 23.
Rf3 Rxf3 (23... Rc1+) 24. gxf3 g5 25. Kf2 Kf7 26. Kg3 e5 (26... Kf6 {The
cosmetic advantage of having the bishop restraining the black knight doesn't
translate to an actual edge here; there is a risk of an ending with bad bishop
versus good knight.}) 27. dxe6+ Kxe6 28. Kg4 Kf6 29. Kh5 d5 ({Time to relocate
that knight:} 29... Nc8 30. Kh6 Ne7 31. Kxh7 Nc6 32. Be2 Nd4 33. Bd1 {and now
it's the black knight dominating the bishop. Black's pawn minus counts for
very little.} Ke5 34. Kg6 Kf4 35. Kf6 Nxf3 36. Bxf3 Kxf3 37. Kxg5 Kxe4 38. h4
d5 {, if that's what Black wants. Or he could maneuver for awhile in search of
an error.}) 30. Bd3 (30. Kg4 dxe4 (30... d4 31. f4 h5+ (31... gxf4 32. Kxf4 Ke6
33. e5 $16) 32. Kf3 g4+ 33. Kg3 $16) 31. fxe4 $14) 30... d4 31. e5+ Kxe5 32.
Kxg5 h6+ 33. Kg4 ({White should take that pawn, despite it taking the king
further from the action.} 33. Kxh6 Nd5 (33... Kf4 $6 34. h4 Nd5 (34... Ke3 35.
Bg6 d3 $2 ({Even after} 35... Nd5 36. h5 Nf4 37. Kg5 Ne6+ (37... Nxg6 38. hxg6
d3 39. g7 d2 40. g8=Q d1=Q 41. Qe6+) 38. Kf6 Nf4 39. h6 Nxg6 40. Kxg6 d3 41. h7
d2 42. h8=Q d1=Q 43. Qe5+ $16 {White has excellent winning chances.}) 36. Bxd3
Kxd3 37. h5 Nd7 (37... Nd5 38. Kg5) 38. Kg7 {and White will promote.}) 35. Kg7
Ke3 36. h5 Kxd3 37. h6 Kc2 38. h7 d3 39. h8=Q d2 40. Qh7+ Kc1 41. Qh6 Kc2 42.
Qg6+ Kc1 43. Qg5 Nc3 {Black will use the threat of promotion to force a
repetition.}) 34. Kg5 Nf4 35. Bf5 d3 36. h4 d2 37. Bc2 Nh3+ 38. Kg4 Nf2+ 39.
Kg3 d1=Q 40. Bxd1 Nxd1 {, and now White will decoy with the kingside pawns
while the white king heads left to eliminate the black foot soldiers. For
example:} 41. f4+ Kf5 (41... Ke4 42. f5 Kxf5 43. Kf3 b6 44. Ke2 Nc3+ 45. Kd3
Ne4 46. h5 Nd6 47. Kd4 Kg5 48. Kd5 Nb7 49. Kc6 Nc5 50. Kxb6 Nxb3 51. Kb5 Kxh5
52. Kc4 Nc1 53. Kb5) 42. Kf3 Nc3 43. Ke3 Nd5+ 44. Kd4 Nxf4 45. Kc4 {etc.})
33... Nd5 34. Kg3 Nf4 35. Bc2 d3 36. Bd1 d2 (36... Nd5 $1 37. Kf2 Kd4 38. Ke1
Ke3 $19) 37. Bc2 Ne2+ 38. Kf2 Nc3 39. Bd1 Kf4 (39... Nxd1+ 40. Ke2 Ne3 41. Kxd2
Nf1+ $19) 40. Be2 h5 41. Bd1 h4 42. Bc2 h3 43. Bd1 Nxd1+ 44. Ke2 Nf2 45. Kxd2
Kxf3 46. Ke1 Ng4 0-1

[Event "2021 Norman Friedman Memorial"]
[Site "Garden City, ID"]
[Date "2021.10.10"]
[Round "4"]
[White "Pitre, H.G.."]
[Black "Machin, Alex J"]
[Result "0-1"]
[WhiteElo "1844"]
[BlackElo "1769"]
[Annotator "Alex Machin"]
[PlyCount "70"]
[EventDate "2021.10.08"]
[EventType "swiss"]
[EventRounds "5"]
[EventCountry "USA"]

{[%evp 0,70,30,10,85,67,76,38,89,57,76,69,100,13,-1,10,13,16,9,-7,14,10,9,-37,
-37,-120,-120,-109,-112,-130,-133,-120,-111,-124,-118,-78,-80,-118,-120,-120,
-120,-115,-115,-156,-115,-139,-126,-112,-128,-136,-157,-166,-164,-374,-178,
-161,-166,-166,-159,-176,-184,-184,0,-210,-218,-209,-222,-993,-1039,-1392,
-1469,-29989,-29990] With one draw from round two pulling me down a half point,
I went into this game to win at all costs.} 1. e4 g6 {This is the first time
I've tried this over-the-board, clearly looking for a dynamic game.} 2. d4 Bg7
3. Nf3 d6 4. Bd3 Bg4 5. c3 e5 6. d5 {I was trying to reach an accelerated
King's Indian where I attack White with the move ...f5 and don't waste a tempo
by moving the knight on g8 twice.} Nd7 7. h3 {Forcing Black's hand to
relinquish the bishop pair, but I'm happy to do this because the position is
locked up and I don't lose time. White either damages his king-side pawn
structure or the Queen ends up misplaced on f3 once ...f5 hits.} Bxf3 8. Qxf3
Ne7 9. Na3 {White continues his development while keeping the c1-h6 diagonal
open for his bishop.} O-O 10. Bg5 f6 11. Be3 f5 {It is apparent that the queen
on f3 is misplaced.} 12. g4 $6 {Definately wrong. His desire to attack doesn't
work here. He's going to have problems defending his e4-pawn combined with the
discovered attack on the queen.} fxe4 13. Qxe4 Nf6 $1 {Black is threatening to
take the queen and is double-attacking the d5-pawn at the same time.} 14. Qg2
Nfxd5 15. Bc4 c6 16. h4 {Here I thought for a long time because the idea of
him playing h5 and ripping open my king-side was difficult to deal with. After
a while I found the defensive ...h6 which aims to lock things up.} h6 17. O-O-O
Kh8 18. h5 g5 19. Bb3 Nf4 {It was tempting to play ...Nxe3 and snag the bishop,
but I thought it was simplest to play ...Nf4 and keep control.} 20. Bxf4 Rxf4
21. Rhe1 {White is now threatening to play 22.Nc4.} Qc7 {This discourages Nc4.}
22. Re4 Raf8 23. Rxf4 Rxf4 24. Nc2 d5 {Now that White has kind of exhausted
all of his attacking attempts, I'm finally ready to expand and attack him.} 25.
f3 a5 26. Qe2 $2 b5 $2 (26... a4) 27. Ne3 a4 28. Bc2 a3 {Creating holes around
his king.} 29. b3 e4 {I wish I had more time to think about this position. ...
e4 is a very double-edged move that creates complications that I hadn't worked
out.} 30. fxe4 Bxc3 31. Nf5 Qe5 ({I was trying to figure something with} 31...
Rxf5 {but nothing concrete was coming to me.}) 32. Nxe7 (32. Nxh6 Bb4 33. Bb1
Qc3+ 34. Qc2 Qe3+ 35. Rd2 Rf1+) 32... Qxe7 33. Rxd5 cxd5 34. Qxb5 Bb2+ 35. Kb1
Rxe4 0-1